Vista normal
Vista MARC
Entrada Nombre de reunión
Número de registros utilizados en: 1
001 - NÚMERO DE CONTROL
- campo de control: 82361
003 - IDENTIFICADOR DEL NÚMERO DE CONTROL
- campo de control: DO-SdBNP
005 - FECHA Y HORA DE LA ÚLTIMA TRANSACCIÓN
- campo de control: 20220914132923.0
008 - DATOS DE LONGITUD FIJA
- campo de control de longitud fija: 220914|| aca||aabn | a|a d
040 ## - FUENTE DE LA CATALOGACIÓN
- Centro catalogador/agencia de origen: DO-SdBNP
- Centro/agencia transcriptor: DO-SdBNP
111 ## - ENCABEZAMIENTO--NOMBRE DE CONGRESO/REUNIÓN
- Nombre de congreso/reunión o jurisdicción como elemento de entrada: Concurso de delas espinelas: versión 2021-2022 de la Biblioteca Nacional Pedro Henríquez Ureña /
- Sede del congreso/Lugar de la reunión: coordinador, Ramón Saba
670 ## - FUENTE DE DATOS ENCONTRADOS
- Cita de la fuente: Work cat.: (DO-SdBNP)52393: Concurso de delas espinelas: versión 2021-2022 de la Biblioteca Nacional Pedro Henríquez Ureña / coordinador, Ramón Saba , [Obras premiadas] del Concurso de delas espinelas: versión 2021-2022 de la Biblioteca Nacional Pedro Henríquez Ureña/, 2022
